| 000 | 00644cam a2200217 a 4500 | ||
|---|---|---|---|
| 001 | 000008448 | ||
| 005 | 20200929161338.0 | ||
| 008 | 761012s1975 cu 001 p spa | ||
| 040 |
_aDO-SdBNP _bspa _cBNPHU |
||
| 082 |
_aCu861.44 _bC834u |
||
| 100 | 1 |
_aCos Causse, Jesús, _d1945- _922734 |
|
| 245 | 1 | 3 |
_aEl último trovador / _cCos Causse. |
| 260 |
_aLa Habana : _bUnión de Escritores y Artistas de Cuba, _c1975. |
||
| 300 |
_a93 p. ; _c18 cm. |
||
| 490 | 1 | _aManjuarí | |
| 490 | 1 | _aPoesía | |
| 650 | 4 |
_aPoesía cubana _95226 |
|
| 650 | 4 |
_aLiteratura cubana _91483 |
|
| 650 | 4 |
_aPoesía amorosa _99227 |
|
| 830 | 0 |
_aManjuarí ; _pPoesía _99770 |
|
| 999 |
_c8219 _d8219 |
||